-
Reddy Dr. kasarla Rajeshwar
Entry Personal Name
Number of records used in: 1
001 - CONTROL NUMBER
003 - CONTROL NUMBER IDENTIFIER
005 - DATE AND TIME OF LATEST TRANSACTION
- control field:
20200520105433.0
008 - FIXED-LENGTH DATA ELEMENTS
- fixed length control field:
200520|| aca||aabn | a|a d
040 ## - CATALOGING SOURCE
- Original cataloging agency:
OSt
- Transcribing agency:
OSt
100 ## - HEADING--PERSONAL NAME
- Personal name:
Reddy Dr. kasarla Rajeshwar
670 ## - SOURCE DATA FOUND
- Source citation:
Work cat.: (OSt): Reddy Dr. kasarla Rajeshwar, Medical Biochemistry: Questions with exp;anatory answers, 2019